LEADER 01027cam0-2200361---450- 001 990004904290403321 005 20160929152127.0 035 $a000490429 035 $aFED01000490429 035 $a(Aleph)000490429FED01 035 $a000490429 100 $a19990604d1962----km-y0itay50------ba 101 0 $aeng 102 $aGB 105 $a--------001yy 200 1 $a<>reader's guide to Dylan Thomas$fWilliam York Tindall 210 $aLondon$cThames and Hudson$d1962 215 $a317 p.$d21 cm 610 0 $aThomas, Dylan 610 0 $aLetteratura Inglese (Poesia) 676 $a821.912$v22$zita 676 $a821 700 1$aTindall,$bWilliam Y.$0159834 801 0$aIT$bUNINA$gRICA$2UNIMARC 901 $aBK 912 $a990004904290403321 952 $a821.912 THOM/S 3$bIst.f.m.11269$fFLFBC 952 $a821.912 THOM/S 3BIS$bBibl.36966$fFLFBC 952 $a821 TIN$bLINGUE 024251$fDECLI 959 $aFLFBC 959 $aDECLI 996 $aReader's guide to Dylan Thomas$9165821 997 $aUNINA